| 000 | 00966nam a2200193Ii 4500 | ||
|---|---|---|---|
| 003 | JO-AjNU | ||
| 008 | 230605s9999||||xx |||||||||||||| ||und|| | ||
| 040 |
_aJO-AjNU _bara _erda _cJO-AjNU |
||
| 041 | _aara | ||
| 050 | 1 | 4 | _aHG221.Y866 2012 |
| 100 | 3 |
_aيونس، محمود, _eauthor _943891 |
|
| 245 | 0 | 0 | _aاقتصاديات النقود والبنوك والاسواق المالية: اختيار محفظة الاوراق المالية - سعر الفائدة في سوق النقود - سعر الفائدة في اسواق السندات- البنوك التجارية - السياسات النقدية |
| 264 | 3 | 1 | _aالاسكندرية: دار التعليم الجامعي، 2012 |
| 300 |
_a359ص _bيحتوي على ببلوغرافية وجداول من ص 353-359ص |
||
| 336 |
_atext _btxt _2rdacontent |
||
| 337 |
_aunmediated _bn _2rdamedia |
||
| 338 |
_avolume _bnc _2rdacarrier |
||
| 650 | 4 |
_aالنقود - البنوك - الاقتصاد _943892 |
|
| 999 |
_aA18905 _c22473 _d22473 |
||